Mapa de carreteres : província de Barcelona : juny de 2011 província de Barcelona :
ISBN:
978-84-9803-453-0
Publicado:
Barcelona :
Diputació de Barcelona. Àrea d'Infraestructures, Urbanisme i Habitatge. Gerència de Serveis d'Infraestructures Viàries i Mobilitat ,
2011
Descripción Física:
1 mapa : col. : escala 1: 200000 ; 67 x 63 cm plegat a 17 x 10 cm
MARC
| LEADER | 00000nam a2200000Ia 4500 | ||
|---|---|---|---|
| 001 | 23198 | ||
| 008 | 160829s2011 xx 000 0 cat d | ||
| 020 | |a 978-84-9803-453-0 | ||
| 080 | |a FU-59-55 | ||
| 245 | |a Mapa de carreteres : |b província de Barcelona : |b juny de 2011 | ||
| 260 | |a Barcelona : |b Diputació de Barcelona. Àrea d'Infraestructures, Urbanisme i Habitatge. Gerència de Serveis d'Infraestructures Viàries i Mobilitat, |c 2011 | ||
| 300 | |a 1 mapa : |b col. : |b escala 1: |b 200000 ; |c 67 x 63 cm plegat a 17 x 10 cm | ||
| 650 | |a Barcelona (Província) |x Mapes de carreteres |9 43863 | ||
| 650 | |a Mapes de carreteres |x Barcelona (Província) |9 43864 | ||
| 700 | |a Barcelona. Diputació. Gerència de Serveis d'Infraestructures Viàries i Mobilitat | ||
| 901 | |a Arxiu | ||
| 942 | |n 1 | ||
| 952 | |0 0 |1 0 |4 0 |6 FU5955 |7 1 |9 53229 |a Arxiu |b Arxiu |d 2016-12-01 |l 0 |o FU-59-55 |p 23198 |r 2016-12-01 00:00:00 |w 2016-12-01 |y ARXIU | ||
| 999 | |c 57078 |d 57078 | ||